| 000 -LEADER |
| fixed length control field |
01666pam a2200385 a 4500 |
| 001 - CONTROL NUMBER |
| control field |
633681 |
| 003 - CONTROL NUMBER IDENTIFIER |
| control field |
US-DLC |
| 005 - DATE AND TIME OF LATEST TRANSACTION |
| control field |
20180103080009.0 |
| 008 - FIXED-LENGTH DATA ELEMENTS--GENERAL INFORMATION |
| fixed length control field |
930326s1993 nyua j 001 0 eng |
| 010 ## - LIBRARY OF CONGRESS CONTROL NUMBER |
| LC control number |
93010588 |
| 020 ## - INTERNATIONAL STANDARD BOOK NUMBER |
| International Standard Book Number |
0585306168 (electronic bk.) |
| 020 ## - INTERNATIONAL STANDARD BOOK NUMBER |
| International Standard Book Number |
0471586315 : |
| Terms of availability |
$22.95 |
| 040 ## - CATALOGING SOURCE |
| Original cataloging agency |
DLC |
| Transcribing agency |
DLC |
| Modifying agency |
DLC |
| 042 ## - AUTHENTICATION CODE |
| Authentication code |
lcac |
| 050 00 - |
| -- |
540.78 |
| -- |
.V37 1993 |
| 082 00 - DEWEY DECIMAL CLASSIFICATION NUMBER |
| Classification number |
540.78 VAN |
| Edition number |
20 |
| 100 1# - Rafti |
| Rafti |
VanCleave, Janice Pratt. |
| 245 10 - TITLE STATEMENT |
| Title |
Janice VanCleave's A+ projects in chemistry : |
| 260 ## - |
| -- |
New York : |
| -- |
Wiley, |
| -- |
c1993. |
| 300 ## - |
| -- |
233 p. : |
| -- |
ill. ; |
| -- |
24 cm. |
| 500 ## - |
| -- |
Includes index. |
| 520 ## - |
| -- |
Provides step-by-step instructions for thirty advanced chemistry experiments suitable for science fairs. |
| 530 ## - ADDITIONAL PHYSICAL FORM AVAILABLE NOTE |
| Additional physical form available note |
Also available as an electronic book via the World Wide Web to institutions affiliated with netLibrary, Inc. |
| 650 #0 - |
| -- |
Chemistry |
| -- |
Experiments |
| -- |
Juvenile literature. |
| 650 #1 - |
| -- |
Chemistry |
| -- |
Experiments. |
| 650 #1 - |
| -- |
Experiments. |
| 650 #1 - |
| -- |
Science projects. |
| 740 0# - ADDED ENTRY--UNCONTROLLED RELATED/ANALYTICAL TITLE |
| Uncontrolled related/analytical title |
A+ projects in chemistry. |
| 740 0# - ADDED ENTRY--UNCONTROLLED RELATED/ANALYTICAL TITLE |
| Uncontrolled related/analytical title |
Janice VanCleave's A plus projects in chemistry. |
| 856 42 - |
| -- |
Publisher description |
| -- |
http://www.loc.gov/catdir/description/wiley037/93010588.html |
| 856 4# - |
| -- |
Table of Contents |
| -- |
http://www.loc.gov/catdir/toc/onix03/93010588.html |
| 906 ## - LOCAL DATA ELEMENT F, LDF (RLIN) |
| a |
7 |
| b |
cbc |
| c |
orignew |
| d |
1 |
| e |
ocip |
| f |
19 |
| g |
y-gencatlg |
| 942 ## - ADDED ENTRY ELEMENTS (KOHA) |
| Source of classification or shelving scheme |
|
| Item type |
Books |